000 01325nam0a22003371 4500
001 rc\2231318
005 20220202103157.0
035 _a(NLR Aleph) 006709629
090 _a5329063
_c5329063
100 _a20110829d1979 |||y0rusy50 ca
101 0 _arus
102 _aRU
105 _aa j |||||
200 1 _aЭстетическое воспитание
_e[Учебник для сред. ПТУ]
_fВ.И. Толстых, Б.А. Эренгросс, К.А. Макаров
210 _aМосква
_cВысш. школа
_d1979
215 _a289 с.
_cил.
_d22
300 _aНа пер. авт. не указаны
606 _aЭстетическое воспитание
_jУчебники и пособия
_2psbo
700 1 _aТолстых
_bВ. И.
_f1929-
_gВалентин Иванович
701 1 _aМакаров
_bК. А.
_cканд. филос. наук, искусствовед
_f1927-
_gКирилл Александрович
_3RU\NLR\AUTH\770238830
701 1 _aЭренгросс
_bБ. А.
_gБэлла Ароновна
801 0 _aRU
_bNLR
_gpsbo
801 1 _aRU
_bELAR
_2rusmarc
852 _aNLR
_j80-5/2411
852 _aNLR
_j79-5/4942
899 _aRuMoRGB
_jM 79-19/39
899 _aRuMoRGB
_jM 79-19/40
899 _aRuMoRGB
_jM 80-3/120
942 _cBOOK
980 _aNB